| 000 | 00493nam a2200193Ia 4500 | ||
|---|---|---|---|
| 003 | OSt | ||
| 005 | 20230510094918.0 | ||
| 008 | 210423s1995 xx 000 0 und d | ||
| 040 | _cAL | ||
| 041 | _aeng | ||
| 082 |
_a658.3 _223 _bBEAH |
||
| 100 |
_aBEARDWELL (Ian);HOLDEN (Len),Ed. _9101865 |
||
| 245 | _aHuman resources management. | ||
| 260 |
_aDelhi _bMacmillan India Ltd _c1995 |
||
| 300 | _bPB | ||
| 365 |
_b314 _cINR |
||
| 906 | _aHuman ; management. ; resources | ||
| 942 |
_2ddc _cBK |
||
| 999 |
_c171742 _d171742 |
||